DEMOCRACY AND ELECTIONS IN AFRICA (Record no. 216789)
[ view plain ]
| 000 -LEADER | |
|---|---|
| fixed length control field | 00504nam a22001577a 4500 |
| 008 - FIXED-LENGTH DATA ELEMENTS--GENERAL INFORMATION | |
| fixed length control field | 260305b |||||||| |||| 00| 0 eng d |
| 020 ## - INTERNATIONAL STANDARD BOOK NUMBER | |
| International Standard Book Number | 0-8018-8333-4 |
| 100 ## - MAIN ENTRY--PERSONAL NAME | |
| Personal name | LINDBERG, STAFFAN I. |
| 245 ## - TITLE STATEMENT | |
| Title | DEMOCRACY AND ELECTIONS IN AFRICA |
| 260 ## - PUBLICATION, DISTRIBUTION, ETC. | |
| Place of publication, distribution, etc. | BALTIMORE |
| Name of publisher, distributor, etc. | JOHN HOPKINS UNIVERSITY PRESS |
| Date of publication, distribution, etc. | 2006 |
| 300 ## - PHYSICAL DESCRIPTION | |
| Extent | XIII, 227P. |
| 500 ## - GENERAL NOTE | |
| General note | INCLUDES INDEX |
| 650 ## - SUBJECT ADDED ENTRY | |
| Topical term or geographic name entry element | 1. ELECTIONS - AFRICA 2. DEMOCRACY - AFRICA 3. AFRICA - POLITICS AND GOVERNMENT 1960- |
| 942 ## - ADDED ENTRY ELEMENTS (KOHA) | |
| Source of classification or shelving scheme | Library of Congress Classification |
| Koha item type | Long Loan Book |
| Withdrawn status | Lost status | Source of classification or shelving scheme | Damaged status | Not for loan | Collection | Home library | Current library | Shelving location | Date acquired | Inventory number | Total checkouts | Full call number | Date last seen | Copy number | Price effective from | Koha item type |
|---|---|---|---|---|---|---|---|---|---|---|---|---|---|---|---|---|
| Library of Congress Classification | Arts & Social Sciences | Kisii University Library | Kisii University Library | On Display | 03/05/2026 | 112078 | JQ 1879 .A5 L56 2006 | 03/05/2026 | 1 | 03/05/2026 | Long Loan Book | |||||
| Library of Congress Classification | Arts & Social Sciences | Kisii University Library | Kisii University Library | On Display | 03/05/2026 | 112079 | JQ 1879 .A5 L56 2006 | 03/05/2026 | 2 | 03/05/2026 | Long Loan Book | |||||
| Library of Congress Classification | Arts & Social Sciences | Kisii University Library | Kisii University Library | On Display | 03/05/2026 | 112080 | JQ 1879 .A5 L56 2006 | 03/05/2026 | 3 | 03/05/2026 | Long Loan Book |